| 000 | 00363nam a2200121 4500 | ||
|---|---|---|---|
| 008 | 240730b |||||||| |||| 00| 0 eng d | ||
| 040 |
_aNational Science Library _cNational Science Library |
||
| 080 |
_a659.145+659.148(047.1) _bK6 |
||
| 245 | _aAspects sociaux de la radio et de la television | ||
| 260 |
_aParis: _c1966 |
||
| 300 | _axii, 138p. | ||
| 942 |
_2udc _cBK |
||
| 999 |
_c65151 _d65151 |
||